000
00200 a2200097 4500
001
6707
100
_a
Russell, B
245
_a
Prospect of Industrial
260
_a
_b
G. Allen
_c
090
_c
5560
_d
5560
942
_a
NUST-CAE
_c
M
_c
32001
999
_c
241780
_d
241780